| 000 | 00817cam a2200205 4500 | ||
|---|---|---|---|
| 001 | WB3819-27 | ||
| 008 | 020520n2002 000 0 eng u | ||
| 035 | _a(Sirsi) u118046 | ||
| 245 | _aGolden path to farming | ||
| 260 | _c2002 | ||
| 490 |
_aRICS Press Release _v(pro58) 17 May 2002, (2) |
||
| 520 | _aRICS argues that 'golden hellos' should be introduced to attract young people into farming. 'Golden handshakes' help those wanting to leave farming, and the 'golden hello' would provide a financial incentive to encourage new blood into the industry. http://www.rics.org/ricscms/bin/show?class=PressRelease&template=/includes/showpr.html&id=736 | ||
| 590 | _aWB | ||
| 650 | _aFINANCIAL INCENTIVES | ||
| 650 | _aFARMERS | ||
| 650 | _aFARMING | ||
| 650 | _aRICS | ||
| 690 |
_aRural _96268 |
||
| 942 | _n0 | ||
| 999 |
_c70289 _d70289 |
||